000255862 001__ 255862
000255862 005__ 20250715173215.0
000255862 0247_ $$aG:(GEPRIS)379155385$$d379155385
000255862 035__ $$aG:(GEPRIS)379155385
000255862 040__ $$aGEPRIS$$chttp://gepris.its.kfa-juelich.de
000255862 150__ $$aZentrale Aufgaben (Z)$$y2017 - 2025
000255862 371__ $$aProfessor Dr. Stephan Grabbe
000255862 371__ $$aProfessor Dr. Rudolf Zentel
000255862 450__ $$aSFB 1066 Z$$wd$$y2017 - 2025
000255862 5101_ $$0I:(DE-588b)2007744-0$$aDeutsche Forschungsgemeinschaft$$bDFG
000255862 550__ $$0G:(GEPRIS)213555243$$aSFB 1066: Nanodimensionale polymere Therapeutika für die Tumortherapie$$wt
000255862 680__ $$a
000255862 909CO $$ooai:juser.fz-juelich.de:922465$$pauthority$$pauthority:GRANT
000255862 909CO $$ooai:juser.fz-juelich.de:922465
000255862 980__ $$aG
000255862 980__ $$aAUTHORITY